000
002730000a22000970004500
100
1
_a
Lopes, Nicodemus Augustus
245
1
0
_a
Verdad y pluralidad en el Nuevo Testamento
300
_a
Vol.7, núm.2 (Noviembre, 2005), Páginas 62-87
773
0
_t
Reforma Siglo 21
942
_c
ANA
999
_c
60708
_d
60708